[Event "Asian Continental-ch Open 2019"]
[Site "XingTai"]
[Date "2019.06.13"]
[Round "7.3"]
[White "Maghsoodloo, Parham"]
[Black "Le, Quang Liem"]
[Result "1/2-1/2"]
[WhiteElo "2665"]
[BlackElo "2694"]
[Annotator "TA"]
[PlyCount "150"]
[EventDate "2019.06.06"]
[EventType "swiss"]
[EventCountry "CHN"]
[SourceTitle "playchess.com"]
[Source "ChessBase"]
[SourceQuality "1"]

{[%evp 20,150,10,15,0,0,9,0,0,0,18,26,23,18,21,21,78,85,88,102,125,103,215,212,251,246,222,179,171,142,158,161,162,155,141,0,104,87,118,118,94,101,103,28,35,0,0,0,0,0,3,0,0,-23,-8,-111,-108,-180,-192,-246,-70,-38,0,-202,-234,-269,0,-8,-8,-8,-8,-8,-8,-8,-8,-8,-8,-8,-8,-8,-8,-8,-8,-53,-53,-53,-53,-79,-79,-79,-95,-95,-79,-79,-50,-58,-16,-53,-17,-47,-22,-17,-17,-18,-19,-79,0,-19,-19,-79,-2,-22,-5,-79,-79,-103,-111,-85,-86,-88,-95,-5069,-79,-79,-79,-79,-79,-79,-79,-79,-79,-79,0]} 1. c4 e5 2. g3 Nf6 3. Nc3 d5 4. cxd5 Nxd5 5. Bg2 Nb6 6. e3 Nc6 {[%cal Bb8c6,Bc6e5,Be5d3][%mdl 32]} 7. Nge2 g6 8. O-O Bg7 9. d4 exd4 10. exd4 O-O 11. d5 Ne5 {D71: Fianchetto Grünfeld: 3 g3 d5 sidelines and 5 cxd5 (without Nf3)} 12. h3 Re8 13. b3 Bf5 {The position is equal.} 14. Be3 Bd3 15. Re1 $146 ({Predecessor:} 15. Qd2 Qf6 16. Rfd1 Ba6 17. Nd4 Qe7 18. Qc2 Rac8 19. Rac1 {0-1 (33) Ulak,S (2303)-Kempinski,R (2549) Suwalki 1999}) 15... Ba6 {next ...Nd3 is good for Black.} 16. Qd2 Nd3 17. Red1 Nd7 (17... Nc8 $11) 18. Rab1 $16 Qe7 19. Nd4 N7e5 20. Ncb5 Qd7 (20... h5 $16) 21. a4 $1 $18 Nc5 22. Qc2 Bxb5 23. axb5 b6 24. Rbc1 a5 25. bxa6 Nxa6 26. Qd2 Nc5 27. Qc2 ({Better is} 27. Rc3 $16) 27... Ra3 (27... Na6 $1 $11) 28. Rb1 $16 Rea8 29. Qe2 Ra2 30. Qf1 Re8 31. b4 (31. Qb5 $16) 31... Nb7 $11 32. Qb5 Qc8 33. Rbc1 Nd6 34. Qf1 Qd7 35. Bf4 h6 36. h4 h5 37. Nc6 (37. Ra1 $11 Rxa1 38. Rxa1) 37... Ng4 $17 38. Bh3 (38. Rd2 $17 {might work better.} Rxd2 39. Bxd2) 38... Ree2 $19 {[%cal Re2f2]} 39. f3 (39. Re1 $142 Rxf2 40. Qxf2 $1 {[%mdl 512]} Rxf2 41. Bxg4 Qxg4 42. Kxf2) 39... f5 $2 (39... Rf2 40. Qxf2 $1 {[%mdl 512]} Rxf2 41. Bxg4 $15) (39... Qe8 $1 $19 40. Re1 (40. fxg4 $2 Qe4 $19) 40... Nh2 41. Rxe2 Rxe2) 40. Re1 $1 $15 {[%cal Re1e2]} Rf2 41. Qd3 $2 (41. fxg4 $11 {and White is okay.} Rxf1+ 42. Bxf1) 41... Nh2 $19 42. Re7 {[#]} Qxc6 $2 ({Stronger than} 42... Qc8 43. Rxg7+ Kxg7 44. Qd4+ Kh7 45. Qxf2 $11) (42... Bd4 $1 $19 {[%mdl 512] ( -> ...Rf1#)} 43. Nxd4 Qxe7) 43. dxc6 (43. Rxc6 $2 {perishes.} Bd4 $1 $19 {[%mdl 512]}) 43... Bd4 $1 {[%csl Gh2][%cal Rf2f1]} 44. Qb3+ Kf8 {[%csl Gh2][%cal Rf2f1]} 45. Kh1 {Intending Bxd6 and mate.} Nxf3 {[%csl Ga2,Gf3][%cal Rf2h2]} 46. Qxa2 $1 ({Avoid the trap} 46. Bg2 $2 Rxg2 47. Qxa2 Rxa2 $19) 46... Rxa2 {[%csl Gf3][%cal Ra2h2]} 47. Re2 $132 {[%mdl 2048] White has counterplay} Rxe2 {[%csl Gf3][%cal Re2h2]} 48. Bxd6+ $1 Ke8 {[%csl Gf3][%cal Re2h2]} (48... Kg7 $5 49. Bg2 $8 Ne5 50. Bxc7 Ng4 $11) 49. Bg2 Ne1 50. Bf1 Nd3 51. Bxe2 Nxc1 $11 {[%mdl 4096] Endgame KBB-KBN} 52. Ba6 Kd8 53. Bf4 Na2 54. Bc4 Nxb4 55. Bf7 Nxc6 56. Bxg6 Ne7 57. Bxh5 b5 58. Kg2 c5 59. Kf3 c4 60. Bf7 Kd7 61. h5 Nc6 62. Bg6 (62. Ke2 $11 {remains equal.}) 62... Ne7 (62... Ne5+ $17 63. Bxe5 Bxe5) 63. Bf7 Bh8 64. Be3 {[#]} (64. h6 $11) 64... Nc8 (64... Nc6 $1 $17 {[%cal Rc6e5] Hoping for ...Ne5+.} 65. Kf4 Ke7) 65. Bc5 Nd6 66. Bg6 (66. Bd5 $11) 66... Bc3 $17 67. Ke3 b4 {[%cal Bb5b4,Bb4b3][%mdl 32]} 68. h6 b3 69. Bxd6 Kxd6 70. Bxf5 $2 {[%mdl 8192] [#] KB-KB} (70. Ke2 $17) 70... Bf6 $2 (70... Kc5 $1 $19 {has better winning chances. White must now prevent ...Bf6.} 71. h7 Bd4+ 72. Kd2 c3+ 73. Kc1 Kd6) 71. Kd2 {Black is better.} c3+ 72. Kd1 Kc5 {aiming for ...Kb4.} 73. h7 Kb4 {...Ka3 is the strong threat.} 74. Kc1 Ka3 {Strongly threatening ...Ka2.} 75. Kb1 Kb4 {Accuracy: White = 51%, Black = 53%.} ({Black should try} 75... Bd4 $17) 1/2-1/2

[Event "Asian Continental-ch Open 2019"]
[Site "XingTai"]
[Date "2019.06.13"]
[Round "7.4"]
[White "Vidit, Santosh Gujrathi"]
[Black "Vaibhav, Suri"]
[Result "1-0"]
[WhiteElo "2707"]
[BlackElo "2599"]
[Annotator "TA"]
[PlyCount "61"]
[EventDate "2019.06.06"]
[EventType "swiss"]
[EventCountry "CHN"]
[SourceTitle "playchess.com"]
[Source "ChessBase"]
[SourceQuality "1"]

{[%evp 21,61,13,8,9,15,10,19,18,14,11,7,0,24,0,0,0,0,0,0,0,0,6,0,0,0,0,0,0,0,0,0,0,106,102,107,102,107,112,105,108,230,229]} 1. d4 Nf6 2. c4 e6 3. Nc3 Bb4 4. f3 d5 5. a3 Bxc3+ 6. bxc3 c5 7. cxd5 Nxd5 8. dxc5 Qa5 9. e4 Ne7 10. Be3 O-O 11. Qb3 Qc7 12. Bb5 {E25: Nimzo-Indian: Sämisch: 5...c5 6 f3 d5 7 cxd5} Nec6 13. Ne2 Na5 14. Qb4 {The position is equal.} e5 15. O-O (15. Nd4 exd4 16. cxd4 b6 17. Rc1 Bd7 18. d5 Bxb5 19. cxb6 Qd7 20. Qxa5 axb6 21. Qxb6 Rxa3 {0-1 (53) Kravtsiv,M (2654)-Jakovenko,D (2749) Ankara 2018}) 15... Na6 16. Bxa6 $1 bxa6 17. Rad1 Be6 {Strongly threatening ...Rab8.} (17... Rb8 $5 18. Qa4 $8 Be6 $11) 18. Rd5 Rab8 19. Qa4 Bxd5 20. exd5 {White wants to play Rd1.} Rb5 $146 {[%cal Bb8b5,Bb5c5,Bc5c4][%mdl 32]} 21. d6 $36 {[%mdl 2048] White fights for an advantage.} Qc6 $1 22. Ng3 {aiming for Nf5.} Rxc5 23. Qg4 $1 {Black must now prevent Nf5.} Rc4 24. Nf5 $1 {[%csl Gf5][%cal Rg4g7]} Rxg4 25. Ne7+ {[%mdl 64] Double Attack} Kh8 26. Nxc6 Rxg2+ (26... Ra4 $11 27. Nxa5 Rxa5 28. Bxa7 Rxa3) 27. Kxg2 $16 Nxc6 28. Rd1 {Hoping for d7.} Rd8 29. d7 {[%mdl 1024] Threatens to win with Rd6. White has strong compensation.} Nb8 {[#]} 30. Rb1 $1 Kg8 {[#]} (30... h5 $16) 31. Bc5 $1 {Accuracy: White = 88%, Black = 71%.} ({Not} 31. Bg5 f6 $17) 1-0

[Event "Asian Continental-ch Open 2019"]
[Site "XingTai"]
[Date "2019.06.13"]
[Round "7.5"]
[White "Adhiban, B.."]
[Black "Liu, Yan"]
[Result "1/2-1/2"]
[WhiteElo "2676"]
[BlackElo "2504"]
[Annotator "TA"]
[PlyCount "91"]
[EventDate "2019.06.06"]
[EventType "swiss"]
[EventCountry "CHN"]
[SourceTitle "playchess.com"]
[Source "ChessBase"]
[SourceQuality "1"]

{[%evp 17,91,8,13,14,13,0,22,18,14,16,16,16,27,6,33,31,35,31,27,30,55,48,48,31,31,31,31,31,43,38,15,0,0,0,0,0,0,0,0,0,0,0,0,0,0,0,0,0,0,0,0,0,0,0,0,0,0,0,0,0,0,0,0,0,0,0,0,0,0,0,0,0,0,0,0,0]} 1. e4 e5 2. Nf3 Nf6 3. d4 Nxe4 4. Bd3 d5 5. Nxe5 Nd7 6. Nxd7 Bxd7 7. O-O Bd6 8. Nc3 Nxc3 9. bxc3 O-O {[#]} 10. Qh5 $1 {[%csl Gd3][%cal Rh5h7][%mdl 512] C43: Petroff Defence: 3 d4} f5 11. Re1 Qf6 (11... c6 12. Bg5 Qc7 13. Re3 g6 14. Qh4 Rae8 15. Rae1 Rxe3 16. Rxe3 Re8 17. c4 Rxe3 18. Bxe3 {1-0 (44) Nepomniachtchi,I (2771)-Yu,Y (2761) Astana 2019}) 12. Qf3 Qf7 13. Bf4 Rae8 14. h4 Re6 15. Rab1 {[#]} Bc6 $146 ({Predecessor:} 15... b6 16. Rxe6 Qxe6 17. Bxd6 cxd6 {½-½ (29) Korneev,O (2565)-Khenkin,I (2629) Dresden 2007}) 16. Rxe6 Qxe6 17. Kf1 Bxf4 18. Qxf4 Qd6 19. Qxd6 cxd6 $14 {[%mdl 4096] Endgame KRB-KRB} 20. Ke2 b6 21. Kd2 g6 22. Bb5 Rc8 23. Bxc6 Rxc6 {KR-KR} 24. Rb5 {The position is equal.} Kf7 25. Rxd5 a6 {[#] Hoping for ...Ke6.} 26. c4 Ke6 27. Kd3 Rc8 {Strongly threatening ...b5!} (27... Rc7 $5 28. a4 $8 h5 $11) 28. a4 $1 h5 29. f3 Rc7 30. Kc3 Rc8 31. Kb4 Rc7 32. Kc3 Rc8 33. Kb3 Rc7 34. Kb4 Rc8 35. Kb3 Rc7 36. c3 Rc8 37. Kb4 Rc7 38. Kb3 Rc8 39. Kb4 Rc7 40. f4 Rc8 41. Kb3 Rc7 42. Kb4 Rc8 43. Kb3 Rc7 44. g3 Rc8 45. Kb4 Rc7 46. Kb3 {Accuracy: White = 78%, Black = 61%.} 1/2-1/2

[Event "Asian Continental-ch Open 2019"]
[Site "XingTai"]
[Date "2019.06.13"]
[Round "7.6"]
[White "Idani, Pouya"]
[Black "Nguyen, Ngoc Truong Son"]
[Result "1/2-1/2"]
[WhiteElo "2597"]
[BlackElo "2639"]
[Annotator "TA"]
[PlyCount "110"]
[EventDate "2019.06.06"]
[EventType "swiss"]
[EventCountry "CHN"]
[SourceTitle "playchess.com"]
[Source "ChessBase"]
[SourceQuality "1"]

{[%evp 14,110,24,22,22,14,17,15,16,12,19,10,14,19,29,17,16,20,19,0,0,-20,18,29,29,25,16,12,18,12,12,12,10,8,132,129,136,132,137,129,123,91,91,47,46,51,53,53,56,12,8,9,12,0,45,0,0,0,22,22,61,0,0,0,0,0,0,0,0,0,8,0,0,0,0,0,0,0,0,0,0,0,0,0,0,0,0,0,0,0,0,0,0,0,0,0,0,0,0]} 1. e4 c5 2. Nf3 Nc6 3. Bb5 g6 4. Bxc6 dxc6 5. d3 Bg7 6. h3 Nf6 7. Nc3 O-O 8. O-O Nd7 {B31: Sicilian: 2...Nc6 3 Bb5 g6} (8... Qc7 9. Be3 b6 10. Qd2 e5 11. Bh6 Nh5 12. Bxg7 Kxg7 13. Ne2 Kg8 14. a3 a5 15. b4 axb4 16. axb4 Rxa1 17. Rxa1 cxb4 18. Qxb4 Be6 19. Ra6 Rb8 20. Qa3 c5 {1-0 (74) Wang,H (2730)-Mamedov,R (2703) St Petersburg 2018}) 9. Bg5 h6 10. Be3 e5 11. Qd2 $146 ({Predecessor:} 11. Nd2 Qe7 12. Qf3 Nf6 13. Nc4 b6 14. Rad1 Kh7 15. Ne2 Qc7 16. Bd2 {½-½ (41) Brandhorst,W (2448)-Grabner,H (2383) ICCF email 2004}) 11... Kh7 12. Nh2 b6 13. Rae1 Qe7 14. f4 exf4 15. Bxf4 Ne5 16. Nf3 Nxf3+ 17. Rxf3 Be6 (17... g5 $5 {[%cal Rg5f4]} 18. Bg3 Bd4+ 19. Bf2 Be5 $11) 18. e5 Rad8 19. Ne4 Bd5 20. Nf6+ Bxf6 21. exf6 Qxf6 22. Rf2 Qh4 ({Of course not} 22... Qxb2 $6 23. Bxh6 Kg8 24. Bxf8 $16) 23. Be5 f6 {[#]} (23... f5 $11 {remains equal.}) 24. Rf4 $1 $16 {[%cal Rf4h4]} Qh5 25. Bxf6 Rde8 26. c4 g5 27. Rf2 Be6 28. Re4 Qg6 29. Bc3 Rxf2 30. Qxf2 Bd7 31. Be5 Bf5 $36 {[%mdl 2048] Black has some pressure.} 32. Re3 Kg8 33. Qe2 Re7 34. b4 Qe8 35. bxc5 bxc5 36. Qb2 Bxd3 37. Qc3 (37. Bh8 $1 $14 Qd7 38. Qb8+ Kh7 39. Be5) 37... Bg6 {The position is equal.} 38. Re1 Re6 39. Re3 {And now Bh8! would win.} Re7 40. Qb2 Kh7 41. a4 {[%cal Ba2a4,Ba4a5,Ba5a6][%mdl 32]} h5 42. a5 h4 43. a6 Bf5 {[#]} 44. Bh8 $1 {[%mdl 512] Threatens to win with Qf6!} Qd7 (44... Qxh8 45. Rxe7+) 45. Be5 Qe8 46. Qc3 Kg6 47. Re1 Re6 48. Qe3 Qe7 49. Kh1 Kh6 50. Qc3 Kg6 51. Qb2 Qe8 52. Kh2 Re7 53. Qc3 Re6 54. Qe3 Qe7 55. Kg1 Kh6 {Accuracy: White = 73%, Black = 71%.} 1/2-1/2

[Event "Asian Continental-ch Open 2019"]
[Site "XingTai"]
[Date "2019.06.13"]
[Round "7.7"]
[White "Jumabayev, Rinat"]
[Black "Yakubboev, Nodirbek"]
[Result "1-0"]
[WhiteElo "2625"]
[BlackElo "2587"]
[Annotator "TA"]
[PlyCount "81"]
[EventDate "2019.06.06"]
[EventType "swiss"]
[EventCountry "CHN"]
[SourceTitle "playchess.com"]
[Source "ChessBase"]
[SourceQuality "1"]

{[%evp 9,81,28,26,19,0,0,-9,0,0,-3,31,20,67,34,27,0,0,0,71,69,48,57,45,58,44,60,20,43,58,21,28,4,17,0,0,0,0,0,0,0,0,0,0,0,0,0,0,0,822,822,815,815,815,815,815,815,815,782,775,760,760,0,708,673,1139,1139,1105,1087,1051,875,875,868,842,818]} 1. d4 f5 2. Nc3 Nf6 3. Bg5 d5 4. e3 Be6 (4... e6 5. Nf3 a6 6. Ne5 c5 7. g4 cxd4 8. exd4 Qb6 9. Na4 Qa5+ 10. c3 fxg4 11. Bxf6 gxf6 12. Nxg4 Nd7 13. Ne3 {0-1 (49) Akobian,V (2625)-Caruana,F (2828) Saint Louis 2019}) 5. h4 Bf7 $146 ({Predecessor:} 5... c6 6. Nce2 Qb6 7. Nf4 Bf7 8. Nd3 Nbd7 9. c3 Ne4 10. Bf4 e6 11. Qb3 Be7 {0-1 (77) Sutmuller,J (2156)-Luetke,J (2295) Germany 2003}) 6. h5 {A80: Dutch Defence: Unusual White second moves} h6 7. Bxf6 gxf6 8. g4 {The position is equal.} fxg4 9. Qxg4 Rg8 10. Qf3 Qd6 11. O-O-O Nd7 12. e4 dxe4 13. Nxe4 Qc6 (13... Qd5 $1 $11) 14. Ne2 $1 $16 O-O-O 15. N2c3 Kb8 16. Bb5 Qe6 17. Ba4 {Threatens to win with Bb3.} Qg4 $1 {[%cal Rg4f3]} 18. Qe3 Qf5 19. Nc5 c6 20. Bb3 (20. Nxd7+ {is more complex.} Rxd7 21. d5 e6 22. dxc6 Rxd1+ 23. Rxd1 Bc5 24. Qd2) 20... Bxb3 21. axb3 Nxc5 $1 22. dxc5 Rxd1+ 23. Rxd1 {aiming for Rd8+.} e5 $1 24. b4 Qxh5 25. Ne4 Be7 26. Qb3 Qg6 27. Qe6 Re8 28. Nd6 $40 {[%mdl 128] White attacks.} Bxd6 $4 {[%mdl 8192]} (28... Qg8 $11 29. Qd7 Bxd6 30. cxd6 Rc8) 29. Qxd6+ $11 {[%mdl 4096] Endgame KQR-KQR} Kc8 {[#]} 30. b5 $1 {[%cal Rb5b6][%mdl 512]} cxb5 {[#]} 31. c6 $1 bxc6 32. Qxc6+ {[%mdl 64] Double Attack} Kb8 33. Qxb5+ Ka8 34. Qc6+ Kb8 35. Qb5+ Ka8 36. Kb1 {White is clearly winning.} f5 37. Qd5+ Kb8 {[#]} 38. Rd3 $1 Qa6 39. Rb3+ Kc8 40. Rc3+ Kb8 41. Ra3 {Accuracy: White = 74%, Black = 70%.} 1-0

[Event "Asian Continental-ch Open 2019"]
[Site "XingTai"]
[Date "2019.06.13"]
[Round "7.8"]
[White "Lalith Babu M R"]
[Black "Lu, Shanglei"]
[Result "1/2-1/2"]
[WhiteElo "2571"]
[BlackElo "2624"]
[Annotator "TA"]
[PlyCount "51"]
[EventDate "2019.06.06"]
[EventType "swiss"]
[EventCountry "CHN"]
[SourceTitle "playchess.com"]
[Source "ChessBase"]
[SourceQuality "1"]

{[%evp 17,51,0,0,0,0,0,10,0,1,0,0,-5,0,0,0,-6,-14,-11,-12,-15,-9,-2,-2,-12,0,-13,-13,-25,0,-22,0,0,0,0,0,0]} 1. c4 e6 2. Nc3 d5 3. d4 Nf6 4. cxd5 Nxd5 5. Nf3 c5 6. e3 Nc6 7. Bd3 Be7 8. O-O O-O 9. Nxd5 Qxd5 10. a3 {D42: Queen's Gambit Declined: Semi-Tarrasch: 5 cxd5 Nxd5 6 e3 Nc6 7 Bd3} (10. e4 Qd6 11. dxc5 Qxc5 12. Be3 Qa5 13. a3 Ne5 14. b4 Nxf3+ 15. Qxf3 Qe5 16. Bf4 Qd4 17. Rfd1 g6 {0-1 (32) So,W (2812)-Vachier Lagrave,M (2796) Leuven 2017}) 10... cxd4 11. exd4 g6 $146 ({Predecessor:} 11... Rd8 12. Qc2 Qh5 13. Be2 Qg6 14. Bd3 Qh5 15. Rd1 e5 16. d5 Nd4 17. Nxd4 exd4 {1-0 (51) Lenderman,A (2613)-Sethuraman,S (2535) Philadelphia 2012}) 12. Be3 b6 13. Qc2 {[#] Black must now prevent Be4.} Bb7 14. Be4 Qd6 15. Qd2 Bf6 16. Rfd1 Na5 17. Bxb7 Nxb7 18. Bf4 Qd5 19. Be5 {[#] Qh6! is the strong threat.} Bg7 20. Rac1 Rac8 21. Rxc8 Rxc8 22. Rc1 Rc6 23. h4 {The position is equal.} Na5 24. Rxc6 Nxc6 25. Bxg7 Kxg7 26. Qf4 {Accuracy: White = 63%, Black = 61%.} 1/2-1/2

[Event "Asian Continental-ch Open 2019"]
[Site "XingTai"]
[Date "2019.06.13"]
[Round "7.9"]
[White "Nihal Sarin"]
[Black "Aryan Chopra"]
[Result "1/2-1/2"]
[WhiteElo "2606"]
[BlackElo "2553"]
[Annotator "TA"]
[PlyCount "92"]
[EventDate "2019.06.06"]
[EventType "swiss"]
[EventCountry "CHN"]
[SourceTitle "playchess.com"]
[Source "ChessBase"]
[SourceQuality "1"]

{[%evp 13,92,31,41,33,33,33,35,37,33,35,38,31,41,35,26,0,0,-28,0,-7,0,-23,-14,-41,-15,-10,-9,-31,-8,-8,-8,-8,-8,-8,-8,-8,-8,-8,-8,-8,-8,-8,-8,-8,-5,-8,0,0,0,-8,-8,-8,-8,-8,-8,-65,-68,-67,-5,-5,-5,-5,0,0,0,0,0,0,0,0,0,0,0,-5,-5,-5,-5,-5,0,0,0]} 1. d4 Nf6 2. c4 g6 3. Nc3 Bg7 4. e4 d6 5. h3 O-O 6. Be3 e5 7. d5 Na6 8. g4 {E71: King's Indian: 4 e4 d6 5 h3} Nc5 9. f3 c6 (9... h5 10. Qd2 Nh7 11. O-O-O h4 12. Bd3 Nxd3+ 13. Qxd3 f5 14. Rh2 Kh8 15. Rg2 Bd7 16. exf5 gxf5 {½-½ (69) Caruana,F (2811)-Jones,G (2640) Wijk aan Zee 2018}) 10. b4 {White is slightly better.} cxd5 $146 ({Predecessor:} 10... Na6 11. a3 cxd5 12. cxd5 Nd7 13. Qd2 Nb6 14. h4 f5 15. gxf5 gxf5 {1-0 (40) Vega Gutierrez,S (2389)-Lubbe,M (2286) Germany 2018}) 11. cxd5 (11. bxc5 d4 $17) 11... Ncd7 12. Bd3 a5 13. a3 Ne8 14. h4 f5 {aiming for ...fxg4.} 15. gxf5 (15. exf5 $2 e4 $1 $19 {[%mdl 512]}) 15... gxf5 16. h5 ({Don't go for} 16. exf5 $2 {[#]} e4 $1 $19 {[%mdl 512]}) 16... h6 17. Nge2 ({Of course not} 17. exf5 e4 $17) 17... fxe4 18. Bxe4 Ndf6 19. Bg6 e4 20. Nxe4 ({Much weaker is} 20. fxe4 Ng4 $17) 20... axb4 (20... Nxe4 {looks sharper.} 21. Bxe4 Nf6 22. Bg6 Nd7 23. Nd4 Ne5) 21. Rg1 $132 {[%mdl 2048] White is not keeping still} Rxa3 22. Rxa3 bxa3 23. Qd2 Nxe4 24. Bxe4 Bf5 {Strongly threatening ...Bxe4.} 25. Bxh6 Qh4+ 26. Kd1 Bxe4 27. Bxg7 Nxg7 28. fxe4 Qxh5 {Threatens to win with ...Rf2.} 29. Qc3 {[%csl Gg1][%cal Rc3g7]} Qh7 30. Nd4 {And now Ne6! would win.} Qh5+ 31. Ne2 {[%csl Gg1][%cal Rc3g7]} Qe5 32. Qxe5 dxe5 $11 {[%mdl 4096] Endgame KRN-KRN} 33. Kc2 Rf2 34. Re1 (34. Kd3 $11) 34... Ne8 $15 35. Kb3 Nd6 ({Black should try} 35... Rf3+ $1 $15 36. Nc3 Kf8) 36. Kxa3 $11 {The position is equal.} Nxe4 37. Kb4 Kf7 38. Nc1 Nf6 39. Nd3 Nxd5+ 40. Kc5 Rd2 41. Nxe5+ Kf6 42. Nc4 b6+ {[%mdl 64] Decoy} 43. Nxb6 Nxb6 44. Kxb6 Rd6+ 45. Kc5 Re6 46. Rxe6+ Kxe6 {Accuracy: White = 72%, Black = 69%.} 1/2-1/2

[Event "Asian Continental-ch Open 2019"]
[Site "XingTai"]
[Date "2019.06.13"]
[Round "7.10"]
[White "Xu, Xiangyu"]
[Black "Narayanan.S.L"]
[Result "0-1"]
[WhiteElo "2583"]
[BlackElo "2603"]
[Annotator "TA"]
[PlyCount "64"]
[EventDate "2019.06.06"]
[EventType "swiss"]
[EventCountry "CHN"]
[SourceTitle "playchess.com"]
[Source "ChessBase"]
[SourceQuality "1"]

{[%evp 10,64,0,2,22,3,16,-6,-6,-7,-18,-20,-23,-20,-13,-32,8,8,8,14,5,23,14,0,0,0,-2,-16,-19,-20,-20,-32,-24,-30,-24,-56,-45,-75,-60,-75,-75,-150,-117,-131,-145,-236,-230,-740,-738,-767,-736,-1114,-902,-1042,-960,-1235,-1100]} 1. Nf3 Nf6 2. d4 g6 3. Nc3 d5 4. Bf4 Bg7 5. e3 O-O 6. Be2 Bg4 {D00: 1 d4 d5: Unusual lines} (6... c5 7. O-O cxd4 8. exd4 Bg4 9. h3 Bxf3 10. Bxf3 Nc6 11. Ne2 b5 12. c3 e6 13. a3 a5 14. Nc1 b4 15. a4 Ne4 16. Bxe4 dxe4 {½-½ (85) Carlsen,M (2837)-Ding,L (2774) Saint Louis 2017}) 7. Nb5 Na6 8. c4 c6 {The position is equal.} 9. Nc3 dxc4 $146 ({Predecessor:} 9... Qa5 10. O-O Bxf3 11. gxf3 dxc4 12. Bxc4 {½-½ (12) Borovikov,V (2553)-Rakotomaharo,F (2424) Paleochora 2017}) 10. Bxc4 c5 11. Be5 cxd4 12. Qxd4 {Strongly threatening Bxf6.} (12. exd4 {feels hotter.} Qb6 13. Bb3 Nb8 14. O-O Nc6 15. h3) 12... Nb4 (12... Bxf3 $5 13. Qxd8 Rfxd8 14. gxf3 Nb4 $15) 13. Bxf7+ $1 {[%mdl 64] [#] Discovered Attack} Rxf7 14. Qxb4 {Black must now prevent Bxf6.} Bxf3 $1 15. gxf3 Nd5 16. Qb3 {And now Bxg7 would win.} ({Not} 16. Qxb7 $2 Bxe5 17. Nxd5 e6 $19) 16... Bxe5 17. Nxd5 e6 $36 {[%mdl 2048] White is under pressure.} 18. Nc3 Bxc3+ 19. bxc3 Qf6 20. f4 e5 21. O-O-O exf4 22. e4 f3 23. Qc4 Qf4+ 24. Kb1 Re8 25. Rd4 ({Better is} 25. Rhe1) 25... Kg7 26. h4 {[#] White wants to play h5.} h5 $1 27. Rg1 (27. Kb2 $17 {was necessary.}) 27... Qxh4 $19 28. Qd5 $2 (28. Qa4 Re6 29. Qc2) 28... Qxf2 {Black is clearly winning.} 29. Qg5 Re6 30. Ka1 Qh2 31. Rgd1 Qf4 32. Qc5 f2 {Accuracy: White = 16%, Black = 70%.} 0-1